| 000 | 01149nam a2200205Ia 4500 | ||
|---|---|---|---|
| 001 | b4706-30659 | ||
| 003 | IT-MiCISF | ||
| 008 | 161014s9999||||xx |||||||||||||| ||und|| | ||
| 040 |
_aIT-MiCISF _cIT-MiCISF |
||
| 041 | _ait | ||
| 100 | _aAA.VV. | ||
| 245 | 0 |
_aMatrimoni in difficoltà : quale accoglienza e cura pastorale _bDagli atti del III incontro nazionale dei responsabili diocesani e della consulta di pastorale familiare, Roma 14-17 ottobre 1999 |
|
| 250 | _a1a ed. | ||
| 260 |
_a Siena _bCantagalli _c2000 |
||
| 300 | _app. 259 | ||
| 500 | _aUfficio nazionale della C.E.I. per la pastorale della famiglia - Bonetti R., Anfossi G., Vivaldelli G., Grandis G., Emanuele E., Gillini G., Zattoni M.T., Nicolli S., Belletti F., Mogavero D., Giuliodori C., Crociani L., Boffi P.- In appendice esperienze nazionali e internazionali di accompagnamento pastorale delle situazioni irregolari / pastorale-familiare, pastorale-situazioni-difficili, coppia-in-crisi, nullità , chiesa-locale, divorzio, nuove-nozze, esperienze, associazioni / | ||
| 650 |
_a Temi di pastorale / pastorale-familiare _e012 |
||
| 942 | _cBK | ||
| 957 | _71 | ||
| 999 |
_a30659 _bsi _g1 _c212526 _d212526 |
||